[Event "CP-2012-P-00062"]
[Site "LSS email"]
[Date "2012.10.01"]
[Round "?"]
[White "Raines, David T"]
[Black "Jouanard, Cedric"]
[Result "1-0"]
[WhiteElo "1093"]
[BlackElo "800"]
[PlyCount "79"]
[EventDate "2012.10.05"]
[EventType "tourn (corr)"]
[EventRounds "6"]
[EventCountry "GER"]
[SourceTitle "Telechess CBM 163"]
[Source "ChessBase"]
[SourceDate "2014.11.11"]
[SourceVersion "2"]
[SourceVersionDate "2014.11.11"]
[SourceQuality "1"]

1. d4 d5 2. Nf3 Nf6 3. Bg5 Ne4 4. Bf4 e6 5. Nbd2 Nxd2 6. Qxd2 Nc6 7. e3 Bd7 8. Be2 Be7 9. h4 h5 10. Ne5 Bf6 11. Nf3 Be7 12. c3 a6 13. Bd3 Bf6 14. 0-0-0 b5 15. Rdg1 Na5 16. Ne5 Nc4 17. Qc2 Nxe5 18. dxe5 Be7 19. g4 hxg4 20. Rxg4 f5 21. exf6 Bxf6 22. Bg6+ Kf8 23. Rhg1 e5 24. Bg5 Bxg4 25. Rxg4 Bxg5 26. Rxg5 Rxh4 27. Rf5+ Kg8 28. Bf7+ Kh8 29. Rxe5 Qf6 30. Qf5 Qxf5 31. Rxf5 Rf8 32. f4 Rh1+ 33. Kc2 Rh2+ 34. Kd3 Rh6 35. Kd4 c6 36. Be6 Rxf5 37. Bxf5 Rh2 38. b4 Rxa2 39. Bd7 Rd2+ 40. Ke5 1-0

[Event "CP-2012-P-00062"]
[Site "LSS email"]
[Date "2012.10.01"]
[Round "?"]
[White "Yloenen, Olli"]
[Black "Jouanard, Cedric"]
[Result "1-0"]
[WhiteElo "1330"]
[BlackElo "800"]
[PlyCount "21"]
[EventDate "2012.10.05"]
[EventType "tourn (corr)"]
[EventRounds "6"]
[EventCountry "GER"]
[SourceTitle "Corr 2015"]
[Source "ChessBase"]
[SourceDate "2015.07.17"]
[SourceVersion "1"]
[SourceVersionDate "2015.07.17"]
[SourceQuality "1"]

1. e4 e5 2. Nf3 d6 3. d4 exd4 4. Nxd4 Nf6 5. Nc3 Be7 6. Be2 Nbd7 7. Nf5 0-0 8. 0-0 b6 9. Bg5 Bb7 10. Qd4 h6 11. Bxh6 1-0

[Event "OP-2012-0-02427"]
[Site "LSS email"]
[Date "2012.09.28"]
[Round "?"]
[White "Vontina, Maria"]
[Black "Jouanard, Cedric"]
[Result "1-0"]
[WhiteElo "621"]
[BlackElo "800"]
[PlyCount "94"]
[EventDate "2012.09.25"]
[EventType "tourn (corr)"]
[EventRounds "4"]
[EventCountry "GER"]
[SourceTitle "Telechess CBM 159"]
[Source "ChessBase"]
[SourceDate "2014.03.17"]
[SourceVersion "1"]
[SourceVersionDate "2014.03.17"]
[SourceQuality "1"]

1. e4 e5 2. Nf3 d6 3. d4 exd4 4. Nxd4 Nf6 5. Bg5 Be7 6. Nc3 a6 7. Bd3 Nbd7 8. 0-0 0-0 9. h3 Ne5 10. f4 Ng6 11. Qd2 Nh5 12. Bxe7 Qxe7 13. f5 Ne5 14. Nd5 Qd8 15. Qe2 Nf6 16. Nxf6+ Qxf6 17. Rab1 Bd7 18. Nf3 Rae8 19. Nxe5 Rxe5 20. Qd2 Bc6 21. Rbe1 Rfe8 22. Qc3 Qh4 23. a3 Rc5 24. Qd2 Bxe4 25. Rxe4 Rxe4 26. Bxe4 Qxe4 27. Re1 Qc6 28. c3 f6 29. Qe3 Re5 30. Qd2 Kf7 31. Rxe5 fxe5 32. Kh2 Kf6 33. g4 Qe4 34. Qg2 Qxg2+ 35. Kxg2 Kg5 36. Kg3 d5 37. h4+ Kf6 38. Kf3 g6 39. fxg6 Kxg6 40. Ke3 c5 41. a4 b5 42. axb5 axb5 43. Kf3 c4 44. Ke3 Kf6 45. Kf3 d4 46. cxd4 exd4 47. Ke2 b4 1-0